Country's Ending Letter Closest to the Next Letter A-Z - Statistics

General Stats
  • This quiz has been taken 857 times
  • The average score is 17 of 24
Answer Stats
Country % Correct
A Albania, Algeria, ...
95%
O Oman
82%
Y Yemen
82%
B Belize, Bolivia, ...
81%
Z Zambia
81%
F France, Fiji
80%
Q Qatar
80%
J Japan, Jordan
78%
U U.A.E, U.S.A., Uruguay
78%
V Vanuatu, Vatican City
76%
H Haiti
74%
E Equatorial Guinea, ...
73%
C Chad
70%
K Kazakhstan, Kyrgyzstan
69%
M Mexico, Monaco, ...
68%
N Nepal, Niger
68%
L Lebanon, Liechtenstein
66%
D Dominican Republic
65%
T Tuvalu
64%
I Israel
61%
G Gabon
60%
S St. Kitts, St. Vincent, ...
60%
P Philippines
52%
R Republic of the Congo
46%
No matching quizzes found
Score Distribution
Percent of People with Each Score
Percentile by Number Answered
Your Score History
You have not taken this quiz